| 000 | 00629nam a2200217 4500 | ||
|---|---|---|---|
| 003 | CO-ViMGA | ||
| 020 | _a9584240838 | ||
| 020 | _a9789584240835 | ||
| 040 |
_aCO-ViMGA _bspa _cCO-ViMGA |
||
| 082 | 0 | 4 |
_a170 _bL46s |
| 100 | 1 |
_aLinero Gómez, Alberto. _d1968- _96151 |
|
| 245 | 1 | 0 |
_aSin libertad no hay amor: _bcómo ser una persona independiente y feliz / _c Alberto Linero Gómez. |
| 260 |
_aColombia: _bDiana, _c2015. |
||
| 300 |
_a172 p. ; _b23 cm. |
||
| 650 | 1 | 4 |
_aAmor. _92684 |
| 650 | 1 | 4 |
_aÉtica. _9474 |
| 650 | 1 | 4 |
_aFelicidad. _96152 |
| 650 | 1 | 4 |
_aLibertad. _96153 |
| 650 | 1 | 4 |
_aPsicología aplicada. _9431 |
| 942 |
_cBK _2ddc |
||
| 999 |
_c37456 _d37456 |
||